| 000 | 00881nam a2200265 i 4500 | ||
|---|---|---|---|
| 001 | bg | ||
| 003 | BPK | ||
| 005 | 20210917085716.0 | ||
| 008 | 071109s2007 pl a f f |000 0 pol | ||
| 015 | _aPB 2007/24837 | ||
| 020 | _a9788320817324 | ||
| 040 |
_aWA N _cBPK |
||
| 080 | _a336 | ||
| 080 | _a(075.8) | ||
| 100 | 1 |
_aJajuga, Krzysztof _d(1956- ) _eAutor |
|
| 245 | 1 | 0 |
_aElementy nauki o finansach : _bkategorie i instrumenty finansowe / _cKrzysztof Jajuga. |
| 260 |
_aWarszawa : _bPolskie Wydawnictwo Ekonomiczne, _c2007. |
||
| 300 |
_a235 s. : _bil. ; _c24 cm. |
||
| 504 | _aBibliogr. s. 234-235. | ||
| 650 | 4 | _aFinanse | |
| 655 | 4 | _aPodręczniki akademickie | |
| 710 | 2 |
_aPolskie Wydawnictwo Ekonomiczne _4pbl. |
|
| 942 |
_2UKD _cKS |
||
| 856 |
_uhttp://koha.tu.koszalin.pl/cgi-bin/koha/opac-detail.pl?biblionumber=54480 _yKatalog online BPK |
||
| 999 |
_c54480 _d54480 |
||